Blízky východ príručna mapa /

Korporativní autor: Slovenská kartografia
Další autoři: Hajčíková, Marta, 1934-
Jazyk: Slovenština
Vydáno: Bratislava : Slovenská kartografia, 1970
Vydání: 1. vyd.
Témata:
Fyzický popis: 1 mapa : barev. ; 42 x 30 cm
Mapy
Uloženo v:
LEADER 01090nem a2200313 i 4500
001 001406377
003 CZ BrMZK
005 20160122085323.0
007 aj|c||||
008 140724s1970 xo |||| |a |r|||||slo d
034 1 |a a  |b 6000000 
040 |a BOA001  |b cze 
080 |a 913(5-15)  |2 MRF 
080 |a (084.3)  |2 MRF 
245 0 0 |a Blízky východ  |h [kartografický dokument] :  |b príručna mapa /  |c zodpovedná redaktorka Marta Hajčíková 
250 |a 1. vyd. 
255 |a Měřítko 1:6 000 000 
260 |a Bratislava :  |b Slovenská kartografia,  |c 1970 
300 |a 1 mapa :  |b barev. ;  |c 42 x 30 cm 
500 |a Ve výřezu doplňkový plán Jeruzaléma 
500 |a Na rubu 4 doplňkové mapy 
655 0 7 |a mapy  |7 fd132800  |2 czenas 
651 7 |a Blízký východ  |7 ge128412  |2 czenas 
700 1 |a Hajčíková, Marta,  |d 1934-  |7 mzk2006343301  |4 pbd 
710 2 |a Slovenská kartografia  |7 ko2003206561  |4 pbl 
910 |a BOA001  |b Skř.9A-0647.418 
990 |a MP 
991 |b 201407 
996 6 |b 2619016058  |c Skř.9A-0647.418  |l MZK  |r Sklad / do 24 hodin  |n 0  |w 001444519  |u 000010  |a 1  |e BOA001  |j MZK50  |s P